Common Ball knowledge Trivia - Statistics

General Stats
  • This quiz has been taken 21 times
    16 since last reset
  • The average score is 3 of 15
Answer Stats
Question Answer % Correct
Fill in the blank : "No ____ shirts between the goal line!" Black
44%
What UFL team did Deestroying play for? Brahmas
44%
What state is Northwestern in? Illinois
44%
What college did Gronk go to Arizona
33%
Who said, "They're fighting for clicks, we're fighting for wins." Dan Lanning
33%
What injury did CMC suffer this season/off season? Achilles tendonitis
22%
Who was guarding Kawhi when he hit the dagger Ben Simmons
22%
How many touchdowns does Julio Jones have in his career 67
11%
Who is the President of the National Basketball Players Association CJ McCollum
11%
What was the date of the 2016 Warriors vs. Cavs game 7? June 19, 2016
11%
Who said: "Duvaaaaaaaaaal" Liam Koen
11%
Who won the 2001 bcs championship Miami
11%
Who did Antonio Brown give the award "Cracker of the year" to? Shane Gillis
11%
Who won the 2010 Mountain West Championship TCU
11%
What conference was Boise St in, until 2011 WAC
11%
No matching quizzes found
Score Distribution
Percent of People with Each Score
Percentile by Number Answered
Your Score History
You have not taken this quiz since the last reset